000 00467nam a2200181 a 4500
001 1772278425866
003 YourLibrary
005 20260228174150.0
008 260228s2005##################000#0#eng##
020 _a9.78141E+12
082 0 4 _a323.1196
_bRUB
100 1 _aRubel, David,
_eauthor.
245 1 0 _aThe Coming Free :
260 _c2005.
650 0 _aAfrican American civil rights workers.
942 _cENGLISH
040 _aYourLibrary
_beng
_cYourLibrary
999 _c616169
_d616169